Statistiques concernant Personnage Fullmetal Alchemist

Cliquez ici pour prendre le quiz!

Statistiques générales

  • Ce quiz a été pris 38 fois
  • Le résultat moyen est 26 sur 81

Statistiques - réponses

Personnage% Correct
2Elric Alphonse
100%
1Elric Edward
91%
19Envy
87%
7Roy Mustang
87%
21King Bradley
83%
20Lust
83%
3Rockbell Winry
83%
22Gluttony
78%
9Riza Hawkeye
78%
5Scar
74%
23Selim Bradley
74%
18Greed
70%
13Armstrong Alex
65%
72Mrs. Bradley
65%
11Yao Lin
65%
76Berthold Hawkeye
61%
14Armstrong Olivia
57%
35Van Hohenheim
57%
24Sloth
52%
30Solf J. Kimblee
52%
8Maes Hughes
48%
17Nina Tucker
48%
16Shou Tucker
48%
63Elicia Hughes
43%
38Gracia Hughes
43%
29Rose
43%
6Curtis Izumi
39%
25Homonculus
39%
10Jean Havoc
39%
36Elric Trisha
35%
34Maria Ross
35%
50Chang Mei
30%
66Fu
30%
4Rockbell Pinaco
30%
65Shao Mei
30%
28Falman
26%
51Jerso
26%
15Basque Grand
22%
57Breda
22%
45Curtis Sig
22%
12Lan Fan
22%
52Zampano
22%
56Buccaneer
17%
37Cornello
17%
69Dr. Knox
17%
39Dr. Marcoh
17%
27Fuery
17%
55Miles
17%
46Paninya
17%
32Sheska
17%
31Black Hayate
13%
54Darius
13%
67
Rockbell Den
13%
42Dolcetto
13%
53Heinkel
13%
33Martel
13%
58Rebecca Catalina
13%
71Truth
13%
62Yoki
13%
59Armstrong Catherine Elle
9%
44Bido
9%
47Dominic
9%
49Grumman
9%
60Isaac McDougal
9%
74Raven
9%
43Roa
9%
68Scar Brother
9%
80Shan
9%
78Armstrong Philip Gargantos
4%
64Brosh
4%
73Garfiel
4%
77Giolio Comanche
4%
70Madame Christmas
4%
48Mason
4%
75Neil
4%
40Rick
4%
26Barry the Choper
0%
79Charlie
0%
81Cray
0%
61Hakuro
0%
41Slicer Brothers
0%

Distribution des résultats

Percentile par nombre de réponses

% des personnes avec chaque résultat

Votre développement - résultats

Vous n’avez pas pris ce quiz